000 00262nam a2200109Ia 4500
008 190914s9999||||xx |||||||||||||| ||und||
100 _aK.K. Sinha
245 0 _aTaxmann's Business Communication
260 _aIndia
_bS. Chand
_c2008
300 _a824
942 _cBK
999 _c10138
_d10138